000 00699nam a2200217 a 4500
001 BRCA_7392
005 20190320205823.0
008 220313s1936----be-#######---#000-0#fre-#
041 _afre
044 _abe
050 4 _aHC125
_b.R67 1936
100 1 _aRosentha, S.
_918243
245 1 0 _aImpressions recueillies dans quelques-uns des pays de l´Amerique Latine au point de vue commercial, industriel et financier
_cS. Rosentha.
260 _aBruselas, Bélgica
_bH. & M. Schaumans
_c1936
300 _a157 p.
500 _aCuenta con dedicatoria del autor al Sr. Franz Mayer
500 _aQ103
651 4 _aAmérica Latina
_xCondiciones económicas
_918244
902 _aGFM
942 _2lcc
_cB
999 _c7068
_d7068